| 000 | 00907nam a2200253 a 4500 | ||
|---|---|---|---|
| 001 | 664 | ||
| 003 | BR-CuiBMT | ||
| 005 | 20231116015148.0 | ||
| 008 | 231113s2011 mgb 001 0 por d | ||
| 020 | _a9788577004782 | ||
| 040 |
_aBR-CuiBMT _cBR-CuiBMT |
||
| 080 |
_22007 _a35.077.1:340.131.5 |
||
| 090 |
_a35.077.1:340.131.5 _bG249a |
||
| 100 | 1 | 0 | _aGasparetto, Patrick Roberto |
| 245 | 1 | 2 |
_aA administração pública frente à lei inconstitucional / _cPatrick Roberto Gasparetto ; prefácio Marcelo Figueiredo ; apresentação Dinorá Adelaide Musetti Grotti. |
| 260 |
_aBelo Horizonte : _bFórum, _c2011. |
||
| 300 |
_a271 p. ; _c22 cm |
||
| 504 | _aInclui bibliografia e índice. | ||
| 650 |
_aAdministração pública _zBrasil |
||
| 650 |
_aInconstitucionalidade das leis _zBrasil |
||
| 650 |
_aPrincípio da legalidade _zBrasil |
||
| 650 |
_aAto administrativo _zBrasil |
||
| 942 |
_2udc _cLV |
||
| 999 |
_c664 _d664 |
||